| 000 | 00765nam a2200193 a 4500 | ||
|---|---|---|---|
| 008 | 060616s2006 ||||||||||||||||| || u | ||
| 020 | _a0821364634 | ||
| 050 | _aIBRD(02) | ||
| 100 | _aStavreski, Zoran and Walliser, Jan | ||
| 245 | 1 | 0 |
_aBudget support as more effective aid?: recent experiences and emerging lessons _cedited by Stefan Koeberle;Zoran Stavreski and Jan Walliser |
| 260 |
_aWashington, D. C. _bWorld Bank _c2006 |
||
| 300 | _axxv;508p.; ill. | ||
| 350 | _a0.00 | ||
| 650 | 0 | _aECONOMIC ASSISTANCE | |
| 650 | _aBUDGET PLANNING | ||
| 650 | _aECONOMIC AID | ||
| 700 | _aKoeberle, Stefan | ||
| 995 |
_D0.00 _FCBU-MAIN LIBRARY (Kitwe) _H1 _I0.00 _M1 _UAVAILABLE _WJan 7, 2008 _ZInternational Publications |
||
| 999 |
_c36204 _d36204 |
||